000 00336cam a22001217a 4500
008 180718b1997 xxu||||| |||| 00| 0 eng d
082 _aA81x54 91/22P
100 _aCensus of India 1991
245 _aSikkim: a portrait of population
260 _aDelhi
_bController of Publications
_c1997
300 _a155+p.
650 _aSikkim - Census
999 _c486049
_d486049